Statistics for Political Books Quiz

Click here to take the quiz!

General Stats

  • This quiz has been taken 5,413 times
    (5,408 since last reset)
  • The average score is 11 of 24

Answer Stats

Book Author % Correct
Mein KampfAdolf Hitler
96%
Animal FarmGeorge Orwell
82%
Das KapitalKarl Marx
78%
The Audacity of HopeBarack Obama
69%
An Inconvenient TruthAl Gore
69%
The PrinceNiccolo Machiavelli
62%
Atlas ShruggedAyn Rand
55%
It Takes a VillageHillary Clinton
55%
Decision PointsGeorge W. Bush
53%
UtopiaThomas More
52%
The Rough RidersTheodore Roosevelt
50%
Common SenseThomas Paine
46%
Going RogueSarah Palin
43%
Profiles in CourageJohn F. Kennedy
43%
Long Walk to FreedomNelson Mandela
42%
Dude, Where's My Country?Michael Moore
40%
I Am America (And So Can You!)Stephen Colbert
36%
All the President's MenCarl Bernstein and
Bob Woodward
24%
Civil DisobedienceHenry David Thoreau
23%
Rush Limbaugh is a Big Fat IdiotAl Franken
22%
Faith of My FathersJohn McCain
20%
SlanderAnn Coulter
14%
No LogoNaomi Klein
14%
The Conscience of a ConservativeBarry Goldwater
10%

Score Distribution

Percentile by Number Answered

Percent of People with Each Score

Your Score History

You have not taken this quiz since the last reset